| 000 | 01053nam a22002777a 4500 | ||
|---|---|---|---|
| 001 | 4851 | ||
| 003 | FISKH | ||
| 005 | 20241017164846.0 | ||
| 008 | 241017b cb ||||| |||| 00| 0 eng d | ||
| 020 | _a9780194792356 | ||
| 040 |
_aFISKH _beng _cFISKH _dFISKH |
||
| 082 | _a428 | ||
| 100 | _aWest, Clare | ||
| 245 |
_aLand of my Childhood / _cby Clare West |
||
| 260 |
_aNew York : _bOxford University Press ; _c1988 . |
||
| 300 |
_a87 pages : _billustrations ; _c21 cm . |
||
| 490 |
_aOxford Bookworms _vStage 4 |
||
| 505 | _aK | ||
| 520 | _aThis series collects stories written in English from around the world. The writers in this volume of stories from India, Pakistan and Sri Lanka are Romesh Gunesekera, M. Athar Tahir, Chitra Divakaruni, Anu Kumar, Anne Ranasinghe, Ruskin Bond, Anita Desai, Vijita Fernando, and Amara Bavani Dev. | ||
| 521 | 8 |
_a510
_bLexile estimate |
|
| 521 | 8 |
_aK
_bRaz-Plus |
|
| 650 |
_achildhood _vfiction |
||
| 700 |
_aBassett, Jennifer _eSeries Editor |
||
| 942 |
_2ddc _cBK _n0 |
||
| 999 |
_c4851 _d4851 |
||